LEADER 01224nam a2200265 i 4500 001 991003557719707536 005 20020509124252.0 008 010911s1969 ||| ||| | fre 035 $ab11180225-39ule_inst 035 $aPARLA184223$9ExL 040 $aDip.to Scienze Storiche Fil. e Geogr.$bita 100 1 $aGhellinck, Joseph : de$0180657 245 10$aLitterature latine au Moyen age :$bzwei Bande in einem Band :$b1. Depuis les origines jusqu'a la fin de la Renaissance carolingienne ; 2. De la renaissance carolingienne a Saint Anselme 250 $aRist. anast 260 $aHildesheim :$bOlms,$c1969 300 $a2 v. in 1 (381 p. compless.) ;$c16 cm. 500 $aRist. anast. dell'ed.: Paris : Librairie Bloud & Gay, 1939 650 4$aLetteratura latina medievale 907 $a.b11180225$b21-09-06$c28-06-02 912 $a991003557719707536 945 $aLE009 STOR.12-269$g1$i2009000072916$lle009$o-$pE0.00$q-$rn$so $t0$u0$v0$w0$x0$y.i1132742x$z28-06-02 945 $aLE009 STOR.12-269 bis$g2$i2009000072923$lle009$o-$pE0.00$q-$rl$s- $t0$u0$v0$w0$x0$y.i11327431$z28-06-02 996 $aLitterature latine au Moyen age$9132436 997 $aUNISALENTO 998 $ale009$b01-01-01$cm$da $e-$feng$gxx $h0$i2 LEADER 03276nam 22006975 450 001 9910261109703321 005 20250721201500.0 010 $a9783110921588 010 $a3110921588 024 7 $a10.1515/9783110921588 035 $a(CKB)3390000000034654 035 $a(SSID)ssj0001055769 035 $a(PQKBManifestationID)11606003 035 $a(PQKBTitleCode)TC0001055769 035 $a(PQKBWorkID)11014544 035 $a(PQKB)10937268 035 $a(MiAaPQ)EBC3043578 035 $a(DE-B1597)52651 035 $a(OCoLC)1013962768 035 $a(OCoLC)853268774 035 $a(DE-B1597)9783110921588 035 $a(oapen)https://directory.doabooks.org/handle/20.500.12854/61938 035 $a(Perlego)1160178 035 $a(oapen)doab61938 035 $a(BIP)30772018 035 $a(BIP)28593728 035 $a(EXLCZ)993390000000034654 100 $a20190906d2013 fg 0 101 0 $ager 135 $aurcnu|||||||| 181 $ctxt 182 $cc 183 $acr 200 04$aDer Verfassungsstaat im Geflecht der internationalen Beziehungen. Gemeinden und Kreise vor den öffentlichen Aufgaben der Gegenwart $eBerichte und Diskussionen auf der Tagung der Vereinigung der Deutschen Staatsrechtslehrer in Basel vom 5. bis 8. Oktober 1977 205 $aReprint 2012 210 $cDe Gruyter$d1978 210 1$aBerlin ;$aBoston :$cDe Gruyter,$d[2013] 210 4$d©1978 215 $a1 online resource (426 pages) 225 0 $aVeröffentlichungen der Vereinigung der Deutschen Staatsrechtslehrer ;$v36 300 $a"Berichte und Diskussionen auf der Tagung der Vereinigung der Deutschen Staatsrechtslehrer in Basel vom 5. bis 8. Oktober 1977." 311 08$aversion imprimée 9783110076974 311 08$a3110076977 320 $aIncludes bibliographical references. 327 $tFrontmatter --$tInhalt --$tJahrestagung 1977 --$tErster Beratungsgegenstand: Der Verfassungsstaat im Geflecht der internationalen Beziehungen --$t1. Bericht von Professor Dr. Christian Tomuschat --$t2. Mitbericht von Professor Dr. Reiner Schmidt --$t3. Aussprache und Schlußworte --$tZweiter Beratungsgegenstand: Gemeinden und Kreise vor den öffentlichen Aufgaben der Gegenwart --$t1. Bericht von Professor Dr. Willi Blümel --$t2. Mitbericht von Professor Dr. Rolf Grawert, Bochum --$t3. Aussprache und Schlußworte --$tVerzeichnis der Redner --$tVerzeichnis der Mitglieder der Vereinigung der Deutschen Staatsrechtslehrer --$tSatzung 330 $aKeine ausfu?hrliche Beschreibung fu?r "Der Verfassungsstaat im Geflecht der internationalen Beziehungen. Gemeinden und Kreise vor den o?ffentlichen Aufgaben der Gegenwart" verfu?gbar. 606 $aLocal government$zGermany (West)$vCongresses 606 $aInternational and municipal law$vCongresses 615 0$aLocal government 615 0$aInternational and municipal law 676 $a426 701 $aBlu?mel$b Willi$00 701 $aGrawert$b Rolf$0238932 701 $aSchmidt$b Reiner$0571790 701 $aTomuschat$b Christian$0231011 801 0$bDE-B1597 801 1$bDE-B1597 906 $aBOOK 912 $a9910261109703321 996 $aGemeinden und Kreise vor den öffentlichen Aufgaben der Gegenwart$91126163 997 $aUNINA